| 000 | 01763cam a2200289 a 4500 | ||
|---|---|---|---|
| 999 |
_c62072 _d62072 |
||
| 001 | 17137154 | ||
| 005 | 20240703110905.0 | ||
| 008 | 120127s2013 cau b 001 0 eng | ||
| 010 | _a 2012001894 | ||
| 020 | _a9781412996389 (pbk.) X | ||
| 041 | _aeng | ||
| 080 | _a37+174.2F-63 | ||
| 100 | 1 |
_aFlynn, Leisa R. _922672 |
|
| 245 | 1 | 0 |
_aCase studies for ethics in academic research in the social sciences / _cLeisa R. Flynn, Ronald E. Goldsmith. |
| 260 |
_aLos Angeles : _bSAGE Publications, _cc2013. |
||
| 300 |
_axv, 82 p. ; _c23 cm. |
||
| 504 | _aIncludes bibliographical references (p. 75-76) and index. | ||
| 505 | 0 | _aPreface -- Notes for teachers on using cases -- Notes for the student on solving cases -- Acknowledgments -- About the authors -- Research misconduct -- Protection of human subjects -- Conflict of interest -- Data management practices -- Mentor and trainee responsibilities -- Collaborative research -- Authorship and publication -- Peer review -- Appendix. The Belmont Report : ethical principles and guidelines for the protection of human subjects of research -- Further reading on research ethics -- Web resources -- Index. | |
| 650 | 0 |
_aSocial sciences _xResearch _xMoral and ethical aspects. _922673 |
|
| 653 | _aშემთხვევის შესწავლა ეთიკის აკადემიურ კვლევებში სოციალურ მეცნიერებებში | ||
| 653 | _aპედაგოგიკა | ||
| 653 | _aეთიკა | ||
| 700 | 1 |
_aGoldsmith, Ronald Earl. _922674 |
|
| 906 |
_a7 _bcbc _corignew _d1 _eecip _f20 _gy-gencatlg |
||
| 942 |
_2udc _cᲬᲘᲒᲜᲘ |
||
| 955 |
_bxj13 2012-01-27 _ixj13 2012-01-27 (telework) _axn02 2012-06-21 1 copy rec'd., to CIP ver. |
||